Kryptomeny ako investičný nástroj a ich rizikové determinanty diplomová práca

Guardado en:
Detalles Bibliográficos
Autor principal: Lipčák, Matúš
Autor Corporativo: Národohospodárska fakulta EU. Katedra financií
Otros Autores: Solej, Rastislav, 1997-
Formato: Libro
Lenguaje:eslovaco
Publicado: Bratislava 2025
Etiquetas: Agregar Etiqueta
Sin Etiquetas, Sea el primero en etiquetar este registro!

MARC

LEADER 00000nbm a2200000 4500
001 0309238
005 20251016124305.8
041 0 |a slo 
044 |a SK 
245 1 0 |a Kryptomeny ako investičný nástroj a ich rizikové determinanty  |b diplomová práca  |c Matúš Lipčák ; školiteľ: Rastislav Solej 
264 1 |a Bratislava  |c 2025 
300 |a 61 s. 
100 1 |a Lipčák, Matúš 
700 1 |a Solej, Rastislav, 1997- 
710 2 |a Národohospodárska fakulta EU. Katedra financií